Statistics for Colombia National Football Team

Click here to take the quiz!

General Stats

  • This quiz has been taken 258 times
  • The average score is 6 of 18

Answer Stats

GoalsCapsPlayer% Correct
2798James Rodríguez
97%
36104Radamel Falcao
93%
11116Juan Cuadrado
65%
11111Carlos Valderrama
58%
0128David Ospina
56%
1652Carlos Bacca
32%
088Carlos Sánchez
32%
6102Mario Yepes
31%
2057Faustino Asprilla
20%
1784Freddy Rincón
16%
1551Teófilo Gutiérrez
14%
1437Adolfo Valencia
13%
1101Leonel Álvarez
9%
2568Arnoldo Iguarán
8%
1566Víctor Aristizábal
7%
278Luis Carlos Perea
5%
1329Iván Valenciano
4%
1354Antony de Ávila
3%

Score Distribution

Percentile by Number Answered

Percent of People with Each Score

Your Score History

You have not taken this quiz